| 000 | 00383nam a22001697a 4500 | ||
|---|---|---|---|
| 003 | OSt | ||
| 008 | 250801b |||||||| |||| 00| 0 eng d | ||
| 020 | _a9788124800089 | ||
| 082 | _a823.912 LAR | ||
| 100 | _aLAWRENCE, D.H. | ||
| 245 | _aRainbow | ||
| 250 | _a1st. ed. | ||
| 260 |
_aNew Delhi, _bPeacock Books, _c2024, |
||
| 300 | _a510 p. | ||
| 650 | _aEnglish | ||
| 942 |
_2ddc _cBK |
||
| 999 |
_c13685 _d13685 |
||